000
00186 a2200097 4500
020
_a
9781933718019
041
_a
spa
100
_a
Audrey Penn
245
_a
Un Beso en mi Mano
942
_c
K
999
_c
30848
_d
30846